00861nam a2200217 a 4500001001000000003000500010005001700015008004100032010001100073011001100084040000900095100003700104245015000141260004100291500006000332502008400392650003000476650004200506650002500548856007000573000116004CHAP20220329144556.0190827s2019 mx a |sm |||||||spa d a112465 a113437 cCHAP1 aHernández López, Surisaddai.10aDeterminación de la madurez de Guadua angustifolia Kunth por propiedades físico-mecánicash[En línea]cpor Surisaddai Henández López. aChapingo, Méx. :bEl autor,c2019. aPara ver el contenido del material haga clic en la liga aTesis (M. C. en Ciencias Forestales) -- UACH. División de Ciencias Forestales14aBambúxAprovechamiento.14aBambúxFisiología y morfología.14aBambúxVariedades. aFinding aiduhttp://10.13.5.2/tesis/sist116004.pdfzTeclea aquí